Disziplinen der olympischen Sommerspielen - Statistiken

Allgemein
  • Dieses Quiz wurde 430 mal gespielt
    329 seit der letzten Aktualisierung
  • Das Durchschnittsergebnis liegt bei 42 aus 92
Antwortstatistiken
Hint Antwort % Korrekt
1900 - 1928, 1936 - 2028 Fußball
94%
1896 - 2028 Schwimmen
89%
1896 - 2028 100 m Sprint
88%
1936 - 2028 Basketball
88%
1896 - 2028 Weitsprung
84%
1908 - 2028 Speerwurf
83%
1896 - 2028 400 m Sprint
81%
1896 - 2028 Marathon
81%
1900 - 2028 200 m Sprint
80%
1972 - 2028 Handball
80%
1896 - 2028 Hochsprung
78%
1896 - 2028 Kugelstoßen
78%
1896 - 2028 Stabhochsprung
77%
1896 - 1924, 1988 - 2028 Tennis
77%
1964 - 2028 Volleyball
76%
1906 - 2028 Wasserspringen
72%
1900, 1904, 1912, 1920,1972 - 2028 Bogenschießen
71%
1988 - 2028 Tischtennis
71%
1904, 1908, 1920 - 2024 Boxen
70%
1964, 1972 - 2028 Judo
70%
1908, 1920, 1972 - 2028 Hockey
69%
1896 - 2028 Diskuswerfen
67%
1900 - 2028 Rudern
67%
1896 - 2028 800 m Laufen
66%
1900, 1904,1908 - 2028 Hammerwurf
66%
1896 - 2028 Dreisprung
64%
1896, 1900, 1906 - 1924, 1932 - 2028 Schießen
64%
1912 - 2028 Zehnkampf
63%
1896 - 2028 Fechten
61%
1904, 1908, 1920 - 2028 Ringen Freistil
61%
1896, 1906 - 2028 Ringen Griechisch Römisch
61%
1912 - 2028 5000 m Laufen
60%
1912 - 2028 Dressurreiten
59%
2021 Kata Karate
59%
2021 Kumite Karate
59%
1996 - 2028 Beachvolleyball
58%
1956 - 2028 20 km Gehen
57%
2021 - 2028 Skateboard
57%
2000 - 2028 Triathlon
57%
1912 - 2028 10000 m Laufen
56%
1900, 1904, 2016 - 2028 Golf
55%
1992 - 2028 Badminton
51%
1992 - 2008, 2021, 2028 Baseball / Softball
51%
2024 Breakdance
51%
1900, 1908 - 2028 Segeln
50%
1896 - 2028 1500 m Laufen
49%
1896, 1904, 1906, 1920 - 2028 Gewichtheben
49%
2021, 2024 Sportklettern
49%
2021, 2028 Surfen
49%
2016 - 2028 7er Rugby
48%
1900, 1908, 1920, 1924 Rugby Union
48%
1900, 1908 - 2028 Wasserball
47%
1984 - 2028 Synchronschwimmen
45%
1896 - 2028 110 m Hürden
44%
1900, 1912 - 2028 Springreiten
44%
2000 - 2028 Taekwondo
41%
1984 - 2028 Rythmische Sportgymnastik
39%
1896 - 1908, 1920 - 2028 Bahnrad
37%
1984 - 2028 Siebenkampf
37%
1912 - 2028 4 mal 100 m Staffel
36%
1912 - 2028 4 mal 400 m Staffel
35%
1912 - 2028 Moderner Fünfkampf
35%
1900, 1904, 1908, 1920 - 2028 400 m Hürden
31%
1972 - 2028 Nur Frauen 100 m Hürden
30%
1900, 2028 Kricket
27%
1900 - 1916 Tauziehen
26%
1896, 1906, 1912 - 2028 Straße Radsport
25%
1920 - 2028 3000 m Hindernislauf
24%
1996 - 2028 Mountainbike
23%
1900, 1908, 1916, 1920, 1936 Polo
22%
1896 - 2028 Kunstturnen
20%
1972, 1992 - 2028 Kanuslalom
19%
2028 Squash
19%
2008 - 2028 Freiwasserschwimmen
17%
1912 - 2028 Vielseitigkeitsreiten
15%
1936 Feldhanball
13%
2028 Flag Football
13%
1936 - 2028 Kanurennsport
12%
1904, 1908 Lacrosse
11%
2016 - 2028 4 mal 400 m Mixed Staffel
10%
2021 - 2028 Bmx Freestyle
9%
2008 - 2028 Bmx Rennsport
7%
1908 Motorbootsport
6%
2000 - 2028 Trampolinturnen
6%
1900 Krocket
3%
2024, 2028 Gehen Mixed Team
2%
1920 Kunstreiten
2%
2028 Küstenrudern
2%
1900 Pelota
2%
1908 Jeu de Paume
1%
1908 Rackets
1%
1908 Roque
1%
Keine übereinstimmenden Quizze gefunden
Verteilung der Resultate
Anzahl Personen mit jedem Resultat
Perzentil nach korrekt beantworteten Fragen
Ihre Resultats-Entwicklung
Sie haben dieses Quiz seit der letzten Aktualisierung nicht gespielt